Formy spolupráce v influencer marketingu bakalárska práca

Salvato in:
Dettagli Bibliografici
Autore principale: Strihová, Daša
Ente Autore: Obchodná fakulta EU. Katedra marketingu
Altri autori: Kuchta, Martin, 1990-
Natura: Libro
Lingua:slovacco
Pubblicazione: Bratislava 2024
Tags: Aggiungi Tag
Nessun Tag, puoi essere il primo ad aggiungerne!!

MARC

LEADER 00000nbm a2200000 4500
001 0302163
005 20250619131623.1
041 0 |a slo 
044 |a SK 
245 1 0 |a Formy spolupráce v influencer marketingu  |b bakalárska práca  |c Daša Strihová ; školiteľ: Martin Kuchta 
264 1 |a Bratislava  |c 2024 
300 |a 45 s. 
100 1 |a Strihová, Daša 
700 1 |a Kuchta, Martin, 1990- 
710 2 |a Obchodná fakulta EU. Katedra marketingu